<?xml version="1.0" encoding="UTF-8"?><?xml-stylesheet type="text/xsl" href="static/style.xsl"?><OAI-PMH xmlns="http://www.openarchives.org/OAI/2.0/" xmlns:xsi="http://www.w3.org/2001/XMLSchema-instance" xsi:schemaLocation="http://www.openarchives.org/OAI/2.0/ http://www.openarchives.org/OAI/2.0/OAI-PMH.xsd"><responseDate>2026-06-02T03:51:04Z</responseDate><request verb="GetRecord" identifier="oai:riuma.uma.es:10630/5539" metadataPrefix="marc">https://riuma.uma.es/rest/oai/request</request><GetRecord><record><header><identifier>oai:riuma.uma.es:10630/5539</identifier><datestamp>2026-02-03T12:55:32Z</datestamp><setSpec>com_10630_4717</setSpec><setSpec>com_10630_3139</setSpec><setSpec>com_10630_10</setSpec><setSpec>col_10630_5501</setSpec></header><metadata><record xmlns="http://www.loc.gov/MARC21/slim" xmlns:dcterms="http://purl.org/dc/terms/" xmlns:doc="http://www.lyncode.com/xoai" xmlns:xsi="http://www.w3.org/2001/XMLSchema-instance" xsi:schemaLocation="http://www.loc.gov/MARC21/slim http://www.loc.gov/standards/marcxml/schema/MARC21slim.xsd">
   <leader>00925njm 22002777a 4500</leader>
   <datafield ind2=" " ind1=" " tag="042">
      <subfield code="a">dc</subfield>
   </datafield>
   <datafield ind2=" " ind1=" " tag="720">
      <subfield code="a">Cancelo-Sanmartín, María de las Mercedes</subfield>
      <subfield code="e">author</subfield>
   </datafield>
   <datafield ind2=" " ind1=" " tag="720">
      <subfield code="a">Gadea Aldave, Gilda</subfield>
      <subfield code="e">author</subfield>
   </datafield>
   <datafield ind2=" " ind1=" " tag="260">
      <subfield code="c">2013</subfield>
   </datafield>
   <datafield ind2=" " ind1=" " tag="520">
      <subfield code="a">Debido a la importancia de la Procuraduría General de Justicia en la vertebración social, es&#xd;
necesario estudiar su imagen, en consecuencia su legitimación institucional. El objeto de&#xd;
esta investigación es el programa federal Transparencia Focalizada implementado por la&#xd;
institución y determinar el citado programa ha modificado en los ciudadanos la imagen&#xd;
creada mediáticamente.&#xd;
Las instituciones no pueden considerarse sólo por su función instrumental, sino porque&#xd;
constituyen la naturaleza social del hombre, que se realiza como individuo en la medida en&#xd;
que participa en la comunidad (Sotelo, 2001:23). Este es un pilar fundamental de la&#xd;
existencia de la comunicación institucional. Eso implica la necesidad de que el microcosmos&#xd;
de las instituciones se encuentre en contacto con el macrocosmos. Lo cual implica que no es&#xd;
suficiente con que la organización cumpla su actividad y objetivos, sino además que su tarea&#xd;
sea significativa socialmente. Un reconocimiento activo, en el cual la sociedad ayuda a&#xd;
construir la institución. Debido a la herencia que pervive en cada institución se vierten un conjunto de significados a la sociedad y por lo tanto a cada generación nueva que se&#xd;
desarrolla en la misma, que explica la identidad y el destino de las sociedades.&#xd;
La metodología aplicada en el estudio comprendió encuestas a ciudadanos usuarios. Como&#xd;
resultado se indica que en líneas generales los ciudadanos mexicanos de Tamaulipas hacen&#xd;
uso regularmente de sus instituciones, las identifican y aceptan en el marco de la sociedad&#xd;
sin inconvenientes y están informados de las funciones que realizan y que utilidad&#xd;
representan para los usuarios de las mismas. Asimismo, en el caso concreto de estudio,&#xd;
manifiestan tener una imagen determinada de la Procuraduría, que se adecua al desarrollo y&#xd;
los hechos propios de la institución. Los resultados mostraron que la implementación de&#xd;
acciones de relaciones públicas basadas en la generación de una imagen transparente incide&#xd;
positivamente en la percepción de los ciudadanos sobre el organismo público.</subfield>
   </datafield>
   <datafield ind1="8" ind2=" " tag="024">
      <subfield code="a">2174-3681</subfield>
   </datafield>
   <datafield ind1="8" ind2=" " tag="024">
      <subfield code="a">http://hdl.handle.net/10630/5539</subfield>
   </datafield>
   <datafield tag="653" ind2=" " ind1=" ">
      <subfield code="a">Información pública</subfield>
   </datafield>
   <datafield tag="653" ind2=" " ind1=" ">
      <subfield code="a">Relaciones públicas</subfield>
   </datafield>
   <datafield ind2="0" ind1="0" tag="245">
      <subfield code="a">Las nuevas tecnologías como instrumento de legitimación de la imagen institucional. El programa de transparencia focalizada de la Procuraduría General de Justicia del Estado de Tamaulipas en México</subfield>
   </datafield>
</record>
</metadata></record></GetRecord></OAI-PMH>